El amén de la misa: su valor catequístico y pastoral
Сохранить в:
| Главный автор: | |
|---|---|
| Формат: | |
| Язык: | испанский |
| Опубликовано: |
Barcelona
Herder
1965
|
| Редактирование: | 1a. ed |
| Серии: | Pequeña Biblioteca Herder, 60
|
| Предметы: | |
| Метки: |
Добавить метку
Нет меток, Требуется 1-ая метка записи!
|
MARC
| LEADER | 00000cam a2200000 a 4500 | ||
|---|---|---|---|
| 001 | UCE4353 | ||
| 003 | CL-VaPUC | ||
| 008 | 141023e19650000sp |||||||||||||||||spa|d | ||
| 082 | 0 | 4 | |a 264.36 |b DIA |2 21 |
| 100 | 0 | |a Díaz Castañeda, Jaime de Jesús |e author |9 576931 | |
| 245 | 1 | 3 | |a El amén de la misa: su valor catequístico y pastoral |
| 250 | |a 1a. ed | ||
| 300 | |a 107 p | ||
| 942 | |c BK | ||
| 945 | |d 20141023 15:21:00 |a dcastane | ||
| 260 | |a Barcelona |b Herder |c 1965 | ||
| 650 | 0 | |a Celebraciones litúrgicas |9 468655 | |
| 650 | 0 | |a Misa |9 329325 | |
| 650 | 7 | |a LITURGIA |2 CL-VaPUC |9 576932 | |
| 583 | |a last modification |c 20141023 15:21:00 |k Rodrigo Vera | ||
| 490 | 0 | |a Pequeña Biblioteca Herder, 60 | |
| 999 | |c 357348 |d 357346 | ||
| 952 | |0 0 |1 0 |3 erb |4 0 |6 264_360000000000000_DIA_1965 |7 0 |8 A |9 465246 |a BIBTEO |b BIBTEO |i 5119162 |o 264.36 DIA 1965 |p 5119162 |r 2025-01-17 |w 2019-11-23 |y BK |z Catalogado en:20141023 |k ICR | ||